Lolita

Bibliographic Details
Other Authors: Lyne, Adrian, 1941- (Director)
Format: Video DVD
Language:English
Czech
PhysicalDescription:1 videodisk (DVD) (137 min.) zvuk DD 5.1, fareb., PAL,16:9 12 cm
Published: Bratislava Intersonic 2008
Subjects:

MARC

LEADER 00000ngm a2200000 a 4500
001 vtls010089039
003 SK-MaSNL
005 20260301030715.0
007 vd cvaizs
008 100427s2008 xo 137 e vleng
040 |a SNK  |b slo  |c SNK  |e AACR2 
041 1 |a eng  |a cze  |b cze  |h eng 
044 |a xo  |c SK 
072 7 |a 791  |x Film. Cirkus. Ľudová zábava  |2 konspekt 
080 |a 791.221.5  |2 2001 
080 |a 791.226  |2 2001 
080 |a (0.034.44)  |2 2001 
245 0 0 |a Lolita  |h videozáznam  |c [réžia] Adrian Lyne 
260 |a Bratislava  |b Intersonic  |c 2008 
300 |a 1 videodisk (DVD) (137 min.)  |b zvuk DD 5.1, fareb., PAL,16:9  |c 12 cm 
500 |a Názov z disku 
500 |a Vyšlo ako príloha mesačníka DVD HIT+ č. 4/2008 
511 0 |a Hrajú: Jeremy Irons, Domonique Swain, Melanie Griffith, 
518 |a Americko-francúzsky celovečerný hraný film z roku 1997 
521 8 |a Mládeži do 18 rokov nevhodné 
546 |a V originálnom anglickom znení, český dabing a titulky 
650 0 7 |a hrané filmy  |2 SNKPH  |9 68885 
650 0 7 |a filmové drámy  |2 SNKPH  |9 320128 
650 0 7 |a erotické filmy  |2 SNKPH  |9 73519 
655 7 |a DVD  |2 SNKPH  |9 70751 
700 1 |a Lyne, Adrian,  |d 1941-  |4 drt  |9 324974 
999 |c 575039  |d 576969 
952 |a SNK  |b SNK  |y PREZ  |7 0  |p 17A0657681  |o snkSDVD 720  |i snk2010/8721  |8 0  |0 0  |1 0  |4 0  |d 2010-04-27  |l 0  |r 2026-02-23 14:29:46  |w 2026-02-23